[Event "Soviet zonal (w)"]
[Site "Leningrad URS"]
[Date "1981.12.??"]
[Round "?"]
[White "Muchnik, Larisa"]
[Black "Zatulovskaya, Tatiana"]
[Result "0-1"]
[WhiteElo "2105"]
[BlackElo "2125"]
[EventDate "1981.12.04"]
[PlyCount "46"]

1.e4 c5 2.Nf3 e6 3.c3 d5 4.exd5 exd5 5.d4 Nc6 6.Bb5 Bd6 7.O-O Ne7 8.dxc5 
Bxc5 9.Nbd2 O-O 10.Nb3 Bd6 11.Nbd4 Bg4 12.Qa4 Qd7 13.h3 Bxh3 14.gxh3 Qxh3 
15.Nxc6 bxc6 16.Be2 Ng6 17.Rd1 Rae8 18.Be3 Re4 19.Qxe4 dxe4 20.Rxd6 exf3 
21.Bf1 Qg4+ 22.Kh2 Nf4 23.Rad1 Qh4+ 0-1

[Event "Soviet zonal (w)"]
[Site "Leningrad URS"]
[Date "1981.12.??"]
[Round "?"]
[White "Epstein, Esther"]
[Black "Chekhova, Tatiana"]
[Result "1/2-1/2"]
[WhiteElo "2155"]
[BlackElo "2150"]
[EventDate "1981.12.04"]
[PlyCount "60"]

1.e4 e5 2.Nf3 Nf6 3.Nc3 Nc6 4.d4 exd4 5.Nd5 Be7 6.Bf4 O-O 7.Bxc7 Qe8 8.Be2
d6 9.Nxf6+ Bxf6 10.Bxd6 Be7 11.Bxe7 Qxe7 12.Nd2 Qg5 13.Bf3 Be6 14.O-O Ne5 
15.Kh1 Rfd8 16.Nb3 d3 17.cxd3 Bxb3 18.axb3 Rxd3 19.Qc2 Qf4 20.Be2 Rd2 21.
Rxa7 Rad8 22.Qc1 g5 23.Qe1 Qxe4 24.Bc4 Qxe1 25.Rxe1 Nxc4 26.bxc4 Rxb2 27.
Ra5 h6 28.Rf5 Re2 29.Rb1 Rb2 30.Re1 Re2 1/2-1/2

[Event "Soviet zonal (w)"]
[Site "Leningrad URS"]
[Date "1981.12.??"]
[Round "?"]
[White "Fatalibekova, Elena"]
[Black "Kozlovskaya, Valentina"]
[Result "0-1"]
[WhiteElo "2160"]
[BlackElo "2130"]
[EventDate "1981.12.04"]
[PlyCount "60"]

1.e4 d6 2.d4 g6 3.Nc3 Bg7 4.Be3 c6 5.Qd2 b5 6.Bd3 a6 7.a4 b4 8.Nd1 a5 9.
Ne2 Nd7 10.O-O Ngf6 11.f3 O-O 12.c4 bxc3 13.bxc3 Ba6 14.Nf2 Bxd3 15.Qxd3 
Nb6 16.g4 d5 17.e5 Ne8 18.Ng3 Nc4 19.Bc1 f6 20.f4 fxe5 21.fxe5 Nc7 22.h4 
Ne6 23.h5 gxh5 24.gxh5 Nf4 25.Bxf4 Rxf4 26.Nf5 e6 27.Nxg7 Qg5+ 28.Kh2 Rh4+
29.Nh3 Ne3 30.Rg1 Qf4+ 0-1

[Event "Soviet zonal (w)"]
[Site "Leningrad URS"]
[Date "1981.12.??"]
[Round "?"]
[White "Lelchuk, Zoya"]
[Black "Kozlovskaya, Valentina"]
[Result "1-0"]
[WhiteElo "2150"]
[BlackElo "2130"]
[EventDate "1981.12.04"]
[PlyCount "61"]

1.e4 c5 2.Nf3 e6 3.d4 cxd4 4.Nxd4 Nf6 5.Nc3 d6 6.g4 Be7 7.g5 Nfd7 8.h4 a6 
9.Be3 b5 10.Bg2 Bb7 11.Qe2 Nc5 12.a3 g6 13.f4 e5 14.fxe5 dxe5 15.O-O-O Qc7
16.Nd5 Bxd5 17.exd5 Bd6 18.h5 Rf8 19.hxg6 hxg6 20.Bf4 Qe7 21.Rhe1 e4 22.
Bxd6 Qxd6 23.b4 Qf4+ 24.Qe3 Qxe3+ 25.Rxe3 Na4 26.d6 Ra7 27.Bxe4 Kd8 28.
Nc6+ Nxc6 29.Bxc6 Nb6 30.Rde1 Nd7 31.Re7 1-0

[Event "Soviet zonal (w)"]
[Site "Leningrad URS"]
[Date "1981.12.??"]
[Round "?"]
[White "Fatalibekova, Elena"]
[Black "Zatulovskaya, Tatiana"]
[Result "1-0"]
[WhiteElo "2160"]
[BlackElo "2125"]
[EventDate "1981.12.04"]
[PlyCount "65"]

1.e4 d6 2.d4 Nf6 3.Nc3 g6 4.Be3 Bg7 5.f3 c6 6.Qd2 b5 7.g4 h5 8.g5 Nfd7 9.
f4 Nb6 10.b3 a5 11.Bg2 a4 12.Nf3 e6 13.O-O O-O 14.Nh4 Kh7 15.f5 Rg8 16.Qd3
b4 17.fxg6+ fxg6 18.e5 Bxe5 19.dxe5 Ra7 20.Ne4 Ba6 21.Nf6+ Qxf6 22.Rxf6 
Bxd3 23.Bxb6 Ra6 24.Bd4 c5 25.cxd3 cxd4 26.Rc1 Ra7 27.exd6 axb3 28.axb3 
Nd7 29.Rf7+ Kh8 30.Be4 Rf8 31.Nxg6+ Kg8 32.Rxf8+ Nxf8 33.Nxf8 1-0

[Event "Soviet zonal (w)"]
[Site "Leningrad URS"]
[Date "1981.12.??"]
[Round "?"]
[White "Kozlovskaya, Valentina"]
[Black "Chekhova, Tatiana"]
[Result "1-0"]
[WhiteElo "2130"]
[BlackElo "2150"]
[EventDate "1981.12.04"]
[PlyCount "65"]

1.d4 d5 2.c4 c6 3.Nf3 Nf6 4.Nc3 e6 5.g3 dxc4 6.Bg2 b5 7.O-O Bb7 8.Qc2 Nbd7
9.e4 Be7 10.Bd2 O-O 11.Rfe1 e5 12.Ne2 c5 13.d5 Ne8 14.g4 Nd6 15.Ng3 g6 16.
g5 Re8 17.h4 Bf8 18.Nh2 Bg7 19.Be3 Qc7 20.h5 Nb6 21.Bh3 Bc8 22.Bxc8 Qxc8 
23.Kg2 f5 24.gxf6 Bxf6 25.Qe2 Nf7 26.Ng4 Bg7 27.Rh1 Nd7 28.hxg6 hxg6 29.
Rh4 Kf8 30.Rh7 Nf6 31.Nxf6 Bxf6 32.Qf3 Bg7 33.Bh6 1-0

[Event "Soviet zonal (w)"]
[Site "Leningrad URS"]
[Date "1981.12.??"]
[Round "?"]
[White "Zatulovskaya, Tatiana"]
[Black "Ranniku, Maaja"]
[Result "1-0"]
[WhiteElo "2125"]
[BlackElo "2215"]
[EventDate "1981.12.04"]
[PlyCount "65"]

1.e4 c5 2.Nf3 d6 3.d4 cxd4 4.Nxd4 Nf6 5.Nc3 a6 6.Be2 e5 7.Nb3 Be6 8.O-O 
Be7 9.a4 O-O 10.Be3 Qc7 11.Qd2 Nbd7 12.a5 Qc6 13.Bf3 Rfc8 14.Rfc1 Kf8 15.
Nd5 Bxd5 16.exd5 Qc4 17.Qd3 e4 18.Qxc4 Rxc4 19.Be2 Rc7 20.c4 Rac8 21.Rc3 
Ne5 22.Bb6 Rd7 23.Nd2 Bd8 24.Bd4 Be7 25.c5 Nxd5 26.cxd6 Nxc3 27.dxe7+ Kxe7
28.bxc3 f5 29.Nxe4 Nc6 30.Bc5+ Ke6 31.Bc4+ Ke5 32.Nd6 Rcd8 33.Nf7+ 1-0

[Event "Soviet zonal (w)"]
[Site "Leningrad URS"]
[Date "1981.12.??"]
[Round "?"]
[White "Khugashvili, Tamara"]
[Black "Epstein, Esther"]
[Result "0-1"]
[WhiteElo "2075"]
[BlackElo "2155"]
[EventDate "1981.12.04"]
[PlyCount "68"]

1.e4 Nf6 2.d3 d5 3.e5 Nfd7 4.Nf3 c5 5.Qe2 Nc6 6.g3 g6 7.Bg2 Bg7 8.Bf4 g5 
9.Bxg5 Ndxe5 10.Nxe5 Nxe5 11.Nc3 Bg4 12.f3 Be6 13.Bd2 Qd7 14.Nd1 h5 15.h3 
Ng6 16.f4 O-O-O 17.a4 Bf5 18.Qf2 d4 19.a5 a6 20.Ra3 c4 21.Qf3 e5 22.Ra4 e4
23.Rxc4+ Kb8 24.dxe4 Bxe4 25.Qe2 Bxg2 26.Qxg2 Rhe8+ 27.Kf2 Qe6 28.Qf1 h4 
29.Qd3 hxg3+ 30.Kxg3 Qd5 31.Rf1 Nh4 32.Rf2 Rg8 33.Kh2 Bf6 34.Qf1 Rg7 0-1

[Event "Soviet zonal (w)"]
[Site "Leningrad URS"]
[Date "1981.12.??"]
[Round "?"]
[White "Epstein, Esther"]
[Black "Zaitseva, Ludmila"]
[Result "1-0"]
[WhiteElo "2155"]
[BlackElo "2215"]
[EventDate "1981.12.04"]
[PlyCount "75"]

1.e4 c6 2.d4 d5 3.Nd2 dxe4 4.Nxe4 Nf6 5.Nxf6+ exf6 6.Bc4 Qe7+ 7.Be2 Qc7 8.
Nf3 Bd6 9.O-O O-O 10.c4 Bg4 11.h3 Bf5 12.Nh4 Be6 13.d5 Rd8 14.Kh1 cxd5 15.
cxd5 Bf8 16.Bf3 g5 17.Be4 Qc4 18.Re1 Bxd5 19.b3 Qc6 20.Nf5 Na6 21.Bxd5 
Rxd5 22.Qf3 Rad8 23.Bb2 Rc5 24.Qxc6 Rxc6 25.Rac1 Nc5 26.Re2 Rd5 27.g4 Re6 
28.Rcc2 Rd1+ 29.Kh2 Nd3 30.Bd4 Bd6+ 31.Nxd6 Rxd6 32.Bxa7 Nf4 33.Re8+ Kg7 
34.Be3 Nd5 35.Bc5 Rd7 36.Re4 Nf4 37.Be3 Ne6 38.a4 1-0

[Event "Soviet zonal (w)"]
[Site "Leningrad URS"]
[Date "1981.12.??"]
[Round "?"]
[White "Fatalibekova, Elena"]
[Black "Chekhova, Tatiana"]
[Result "1-0"]
[WhiteElo "2160"]
[BlackElo "2150"]
[EventDate "1981.12.04"]
[PlyCount "81"]

1.d4 Nf6 2.Bg5 Ne4 3.Bf4 c5 4.f3 Nf6 5.d5 Qb6 6.Bc1 g6 7.e4 e6 8.c4 exd5 
9.cxd5 d6 10.Ne2 Bg7 11.Nec3 O-O 12.Nd2 a6 13.Nc4 Qc7 14.a4 Nbd7 15.Be2 
Rb8 16.a5 b5 17.axb6 Nxb6 18.Na5 Nfd7 19.O-O f5 20.exf5 gxf5 21.Bf4 Ne5 
22.Qd2 Nbd7 23.Be3 Nf6 24.h3 Re8 25.Kh2 Qe7 26.Bf2 Qf7 27.Nc4 Nxc4 28.Bxc4
Rb6 29.Rfe1 Nh5 30.Rxe8+ Qxe8 31.Re1 Be5+ 32.g3 f4 33.g4 Ng7 34.b3 h5 35.
Kg2 hxg4 36.hxg4 Rb8 37.Qd3 Qd8 38.Rh1 Qf6 39.Qh7+ Kf7 40.Rh6 Qe6 41.Ne4 
1-0

[Event "Soviet zonal (w)"]
[Site "Leningrad URS"]
[Date "1981.12.??"]
[Round "?"]
[White "Minogina, Tamara"]
[Black "Kozlovskaya, Valentina"]
[Result "1/2-1/2"]
[WhiteElo "2130"]
[BlackElo "2130"]
[EventDate "1981.12.04"]
[PlyCount "85"]

1.d4 g6 2.Nf3 Bg7 3.c4 d6 4.Nc3 Nd7 5.e4 Ngf6 6.Be2 e5 7.d5 Nc5 8.Qc2 a5 
9.Bg5 h6 10.Be3 b6 11.h3 O-O 12.Nd2 Bd7 13.b3 Ne8 14.g4 c6 15.Nf1 cxd5 16.
Nxd5 f5 17.gxf5 gxf5 18.Ng3 f4 19.Bxc5 bxc5 20.Nh5 a4 21.Qc3 Ra7 22.Rg1 
Qh4 23.Bf3 Be6 24.Ke2 Kh7 25.b4 cxb4 26.Qxb4 Qd8 27.Rab1 Rff7 28.Qb8 Ra8 
29.Qxd8 Rxd8 30.Bg4 Bxg4+ 31.Rxg4 a3 32.Rb3 Ra8 33.Kd3 Rfa7 34.Kc3 Kg8 35.
Nhf6+ Nxf6 36.Nxf6+ Kf7 37.Nd5 Bf6 38.Rb6 Rd7 39.Nxf6 Kxf6 40.Kb4 Rc8 41.
f3 Kf7 42.h4 Rdc7 43.h5 1/2-1/2

[Event "Soviet zonal (w)"]
[Site "Leningrad URS"]
[Date "1981.12.??"]
[Round "?"]
[White "Epstein, Esther"]
[Black "Minogina, Tamara"]
[Result "1/2-1/2"]
[WhiteElo "2155"]
[BlackElo "2130"]
[EventDate "1981.12.04"]
[PlyCount "86"]

1.e4 c5 2.Nf3 Nc6 3.d4 cxd4 4.Nxd4 g6 5.c4 Nf6 6.Nc3 d6 7.Nc2 Bg7 8.Be2 
O-O 9.O-O a6 10.f3 Be6 11.Bd2 Rc8 12.b3 Nd7 13.Rc1 f5 14.exf5 Rxf5 15.Ne3 
Rf7 16.Ned5 Nd4 17.Be3 Bxd5 18.Bxd4 Bxd4+ 19.Qxd4 Bc6 20.f4 Qb6 21.Qxb6 
Nxb6 22.Bg4 Bd7 23.Bf3 Bc6 24.Be4 Kg7 25.Rce1 Bxe4 26.Nxe4 h6 27.Ng3 d5 
28.Re6 Rc6 29.cxd5 Nxd5 30.Rxc6 bxc6 31.Ne2 c5 32.g3 e6 33.Rc1 Rc7 34.Nc3 
Nxc3 35.Rxc3 Kf6 36.Re3 Rd7 37.Re2 Rd1+ 38.Kf2 Rh1 39.Kf3 Rc1 40.Ke3 c4 
41.Kd2 Ra1 42.Kc3 cxb3 43.axb3 g5 1/2-1/2

[Event "Soviet zonal (w)"]
[Site "Leningrad URS"]
[Date "1981.12.??"]
[Round "?"]
[White "Titorenko, Natalia"]
[Black "Chekhova, Tatiana"]
[Result "0-1"]
[WhiteElo "2165"]
[BlackElo "2150"]
[EventDate "1981.12.04"]
[PlyCount "86"]

1.d4 Nf6 2.Nf3 d5 3.Bf4 g6 4.e3 Bg7 5.h3 O-O 6.Bd3 c5 7.c3 Nc6 8.Nbd2 Nd7 
9.O-O e5 10.dxe5 Ndxe5 11.Bc2 Qb6 12.Rb1 h6 13.Nxe5 Nxe5 14.Nf3 Nxf3+ 15.
Qxf3 Be6 16.b4 cxb4 17.Rxb4 Qc6 18.c4 a5 19.Ba4 Qc8 20.Rb6 Qxc4 21.Bb3 Qc5
22.Rxb7 a4 23.Rc7 Qb5 24.Bc2 Qb2 25.Qg3 g5 26.Bd6 Rfc8 27.Rxc8+ Bxc8 28.
Bb1 Ba6 29.Qg4 Qb6 30.Ba3 Bxf1 31.Qf5 Qg6 32.Qxg6 fxg6 33.Kxf1 Kf7 34.Ke2 
Rb8 35.Bc2 Bb2 36.Bd6 Rb6 37.Bg3 a3 38.e4 d4 39.Kd3 Bc3 40.Bc7 Rb2 41.Bd6 
Bb4 42.Be5 Bc5 43.Bd1 Rxf2 0-1

[Event "Soviet zonal (w)"]
[Site "Leningrad URS"]
[Date "1981.12.??"]
[Round "?"]
[White "Epstein, Esther"]
[Black "Semenova, Lidia"]
[Result "1/2-1/2"]
[WhiteElo "2155"]
[BlackElo "2190"]
[EventDate "1981.12.04"]
[PlyCount "87"]

1.e4 e5 2.Nf3 Nc6 3.Bb5 a6 4.Ba4 d6 5.c3 Ne7 6.d4 Bd7 7.O-O Ng6 8.d5 Nb8 
9.c4 Be7 10.Nc3 O-O 11.Bxd7 Nxd7 12.Qc2 h6 13.a3 Bg5 14.b4 Qf6 15.Bb2 c5 
16.dxc6 bxc6 17.Rad1 Qe6 18.Na4 Nf4 19.g3 Nh3+ 20.Kh1 Be7 21.Ng1 Nxg1 22.
Kxg1 f5 23.f3 Rf7 24.Qd3 fxe4 25.Qxe4 Rc8 26.Qd3 Nf6 27.Rfe1 Rcf8 28.Nc3 
Nd7 29.f4 Qg4 30.Qe2 Qh3 31.Qg2 Qxg2+ 32.Kxg2 exf4 33.gxf4 Nb6 34.Re4 g5 
35.f5 Nc8 36.Re2 Rxf5 37.Ne4 Rf4 38.c5 d5 39.Ng3 Bf6 40.Bxf6 R4xf6 41.a4 
Rd8 42.Nh5 Rf7 43.Re6 Ne7 44.Rde1 1/2-1/2

[Event "Soviet zonal (w)"]
[Site "Leningrad URS"]
[Date "1981.12.??"]
[Round "?"]
[White "Semenova, Lidia"]
[Black "Khugashvili, Tamara"]
[Result "1-0"]
[WhiteElo "2190"]
[BlackElo "2075"]
[EventDate "1981.12.04"]
[PlyCount "87"]

1.e4 c6 2.d4 g6 3.Nc3 Bg7 4.f4 d5 5.e5 h5 6.Nf3 b5 7.Be3 Bf5 8.Qd2 Nd7 9.
g3 Nb6 10.b3 a5 11.a4 bxa4 12.Nxa4 Nxa4 13.Rxa4 Be4 14.Bg2 Nh6 15.Ng5 Bxg2
16.Qxg2 Nf5 17.Qd2 e6 18.Kf2 Bf8 19.Rha1 Be7 20.Rxa5 Rc8 21.c3 O-O 22.b4 
Qd7 23.Ra7 Rc7 24.Qa2 Bxg5 25.Rxc7 Qxc7 26.fxg5 Rb8 27.Qa7 Qxa7 28.Rxa7 
Kf8 29.Bc1 Ke8 30.Ba3 Ne7 31.b5 Nc8 32.Rc7 cxb5 33.Bb4 Ra8 34.Kf3 Rb8 35.
h4 Ra8 36.g4 hxg4+ 37.Kxg4 Rb8 38.h5 gxh5+ 39.Kxh5 Ra8 40.Kh6 Kd8 41.Rxf7 
Ra2 42.g6 Rh2+ 43.Kg7 Nb6 44.Ba5 1-0

[Event "Soviet zonal (w)"]
[Site "Leningrad URS"]
[Date "1981.12.??"]
[Round "?"]
[White "Zatulovskaya, Tatiana"]
[Black "Titorenko, Natalia"]
[Result "0-1"]
[WhiteElo "2125"]
[BlackElo "2165"]
[EventDate "1981.12.04"]
[PlyCount "94"]

1.e4 c6 2.d3 d5 3.Nd2 Nf6 4.Ngf3 Bg4 5.h3 Bh5 6.c3 e6 7.Be2 Be7 8.O-O O-O 
9.Nh2 Bg6 10.e5 Nfd7 11.d4 c5 12.Nb3 Nc6 13.Be3 a5 14.Nf3 cxd4 15.cxd4 Nb4
16.Ne1 Rc8 17.Rc1 Qb6 18.a4 Nc2 19.Bb5 Nxe3 20.fxe3 Nxe5 21.dxe5 Qxe3+ 22.
Kh1 Qxe5 23.Nf3 Qxb2 24.Nbd4 Bf6 25.Rxc8 Rxc8 26.Bd3 Be4 27.Nb5 Qb4 28.
Bxe4 dxe4 29.Nh2 Rd8 30.Qc2 h5 31.Rb1 Rd2 32.Qc8+ Qf8 33.Qxf8+ Kxf8 34.Nf1
Ra2 35.Nd6 Rxa4 36.Nxb7 Rb4 37.Rxb4 axb4 38.Nc5 e3 39.Ng3 Ke7 40.Nb3 Kd6 
41.Kg1 Kd5 42.Kf1 Kc4 43.Na5+ Kd3 44.Ne2 Kc2 45.Nf4 Be5 46.Ne2 b3 47.Nxb3 
Kxb3 0-1

[Event "Soviet zonal (w)"]
[Site "Leningrad URS"]
[Date "1981.12.??"]
[Round "?"]
[White "Titorenko, Natalia"]
[Black "Muchnik, Larisa"]
[Result "1-0"]
[WhiteElo "2165"]
[BlackElo "2105"]
[EventDate "1981.12.04"]
[PlyCount "99"]

1.Nf3 Nf6 2.c4 e6 3.g3 d5 4.b3 c5 5.Bg2 Nc6 6.O-O d4 7.d3 Be7 8.e4 dxe3 9.
fxe3 O-O 10.d4 Qc7 11.Bb2 Ng4 12.Qe2 f5 13.Nc3 a6 14.Rad1 Kh8 15.Rd2 Bd6 
16.d5 Nce5 17.Rfd1 Nxf3+ 18.Bxf3 e5 19.Bxg4 fxg4 20.Rf1 Bd7 21.Rdd1 Kg8 
22.Rxf8+ Rxf8 23.Rf1 Qd8 24.Ne4 Bf5 25.Nf2 h5 26.e4 Bg6 27.Nd3 Rxf1+ 28.
Kxf1 Qf6+ 29.Ke1 Qe7 30.Kd2 b5 31.Ne1 Qb7 32.Ng2 bxc4 33.Qxc4 Kf7 34.Bc3 
Ke7 35.Ne1 Qb5 36.Qd3 Kd7 37.Nc2 Kc7 38.Na3 Qxd3+ 39.Kxd3 Kd7 40.Nc4 Kc7 
41.Bxe5 Bxe5 42.Nxe5 Bh7 43.Nf7 Kd7 44.Ke3 Ke7 45.Ne5 Kd6 46.Nc4+ Ke7 47.
Kf4 Bg8 48.Ke5 Kd7 49.Nd6 Bh7 50.Nb7 1-0

[Event "Soviet zonal (w)"]
[Site "Leningrad URS"]
[Date "1981.12.??"]
[Round "?"]
[White "Semenova, Lidia"]
[Black "Titorenko, Natalia"]
[Result "1-0"]
[WhiteElo "2190"]
[BlackElo "2165"]
[EventDate "1981.12.04"]
[PlyCount "100"]

1.d4 d5 2.c4 e6 3.Nc3 c5 4.cxd5 exd5 5.Nf3 Nc6 6.g3 h6 7.Bg2 Nf6 8.O-O a6 
9.Bf4 Be6 10.dxc5 Bxc5 11.Ne5 Nxe5 12.Bxe5 O-O 13.Rc1 Rc8 14.Na4 Be7 15.
Rxc8 Qxc8 16.Nb6 Qc5 17.Bd4 Qa5 18.a3 Ne4 19.Qd3 Bc5 20.Nxd5 Bxd4 21.Ne7+ 
Kh8 22.Qxd4 Nf6 23.e4 Rd8 24.Nd5 Bxd5 25.exd5 Qc7 26.Re1 Kg8 27.b4 Rd7 28.
Bf3 Qd8 29.Rd1 Rd6 30.a4 Kf8 31.a5 Qc7 32.Qc5 Qd8 33.Rc1 Ne8 34.Kg2 Kg8 
35.Qc8 Qxc8 36.Rxc8 Kf8 37.Rb8 Rd7 38.d6 Rxd6 39.Bxb7 Ke7 40.b5 axb5 41.a6
Nc7 42.a7 Rb6 43.Bf3 Ra6 44.Rb7 Kd6 45.Rxc7 Kxc7 46.a8=Q Rxa8 47.Bxa8 Kd6 
48.Kf3 Ke5 49.Bc6 b4 50.Ba4 f5 1-0

[Event "Soviet zonal (w)"]
[Site "Leningrad URS"]
[Date "1981.12.??"]
[Round "?"]
[White "Ranniku, Maaja"]
[Black "Kozlovskaya, Valentina"]
[Result "0-1"]
[WhiteElo "2215"]
[BlackElo "2130"]
[EventDate "1981.12.04"]
[PlyCount "106"]

1.d4 c5 2.d5 e5 3.e4 d6 4.Nc3 g6 5.Bb5+ Bd7 6.a4 Bg7 7.Nf3 Nf6 8.Nd2 O-O 
9.Be2 Ne8 10.Nc4 Na6 11.h4 h6 12.g4 Nb4 13.Ne3 f5 14.gxf5 gxf5 15.exf5 Nf6
16.Nb5 Be8 17.c3 Na6 18.b3 Nc7 19.Nxc7 Qxc7 20.Bb2 Rb8 21.c4 a6 22.Rg1 Qe7
23.Qc2 b5 24.axb5 axb5 25.O-O-O bxc4 26.Nxc4 Kh8 27.f4 e4 28.Rg2 Kh7 29.
Rdg1 Bh8 30.Ne3 Qb7 31.Bc4 Bh5 32.Rg6 Rg8 33.Rxg8 Rxg8 34.Rxg8 Kxg8 35.
Bxf6 Bxf6 36.Qxe4 Qa7 37.Nc2 Qg7 38.Kb1 Qg1+ 39.Qe1 Qh2 40.Bb5 Bf7 41.Bd7 
Kf8 42.Be6 Be8 43.Bc8 Qxh4 44.Qe6 Be7 45.Qe4 Qg3 46.Qe3 Qg2 47.f6 Bxf6 48.
Be6 Qf1+ 49.Qc1 Qd3 50.Qe3 Qf1+ 51.Qc1 Qb5 52.Qe3 Qb7 53.Kc1 Qg7 0-1

[Event "Soviet zonal (w)"]
[Site "Leningrad URS"]
[Date "1981.12.??"]
[Round "?"]
[White "Zaitseva, Ludmila"]
[Black "Semenova, Lidia"]
[Result "1-0"]
[WhiteElo "2215"]
[BlackElo "2190"]
[EventDate "1981.12.04"]
[PlyCount "109"]

1.c4 e5 2.Nc3 Nc6 3.g3 g6 4.Bg2 Bg7 5.e3 Nge7 6.Nge2 O-O 7.O-O d6 8.d4 
exd4 9.exd4 Bg4 10.h3 Bxe2 11.Nxe2 d5 12.cxd5 Nxd5 13.Nc3 Nde7 14.d5 Ne5 
15.Bf4 Nc4 16.Qb3 Nd6 17.g4 Nec8 18.Rac1 Re8 19.Rfe1 Rxe1+ 20.Rxe1 Qf6 21.
Bg3 Nb6 22.Nb5 Qxb2 23.Nxd6 Qxb3 24.axb3 cxd6 25.Bxd6 Bf8 26.Bc7 Bb4 27.
Rd1 Nc8 28.d6 Nxd6 29.Rd5 Ne8 30.Bg3 Rc8 31.Rd7 Ng7 32.Rxb7 a5 33.Bd5 Ne6 
34.Kg2 Rd8 35.Bc4 Bc3 36.h4 h6 37.f4 Rd4 38.Kf3 Nd8 39.Ra7 h5 40.gxh5 gxh5
41.Bf2 Rd2 42.Bb6 Ne6 43.f5 Nd8 44.Bxa5 Bxa5 45.Rxa5 Nc6 46.Rd5 Rb2 47.f6 
Kh7 48.Rxh5+ Kg6 49.Rd5 Nb4 50.Rd6 Rh2 51.Kg3 Rh1 52.Rb6 Na2 53.Bd3+ Kh5 
54.Rb5+ Kh6 55.Rb8 1-0

[Event "Soviet zonal (w)"]
[Site "Leningrad URS"]
[Date "1981.12.??"]
[Round "?"]
[White "Chekhova, Tatiana"]
[Black "Minogina, Tamara"]
[Result "1-0"]
[WhiteElo "2150"]
[BlackElo "2130"]
[EventDate "1981.12.04"]
[PlyCount "116"]

1.d4 d5 2.c4 e6 3.Nc3 c6 4.Nf3 dxc4 5.g3 Nf6 6.Bg2 Nd5 7.O-O Be7 8.a4 Nd7 
9.Nd2 Nxc3 10.bxc3 Qa5 11.Qc2 Nb6 12.f4 Nd5 13.Nxc4 Qxc3 14.Qxc3 Nxc3 15.
Bb2 Nd5 16.a5 O-O 17.Ba3 Bxa3 18.Rxa3 Rd8 19.Rb3 f6 20.Rc1 Rb8 21.e3 Kf8 
22.Kf2 Ke8 23.a6 b6 24.Na5 Bd7 25.Nb7 Rxb7 26.axb7 Rb8 27.e4 Ne7 28.Ra1 
Rxb7 29.Ra6 Kd8 30.Rba3 Nc8 31.e5 Kc7 32.exf6 gxf6 33.g4 h6 34.Rh3 f5 35.
gxf5 exf5 36.Rxh6 Nd6 37.Rh7 Ne8 38.d5 cxd5 39.Bxd5 Nf6 40.Rxd7+ Nxd7 41.
Bxb7 Kxb7 42.Ra1 a5 43.h4 Ka6 44.Ke3 Nf6 45.Kd4 Ng4 46.h5 b5 47.Rg1 a4 48.
h6 Nxh6 49.Rg6+ Ka5 50.Rxh6 Kb4 51.Ra6 a3 52.Ra8 Kb3 53.Kc5 b4 54.Rb8 a2 
55.Rxb4+ Ka3 56.Rb8 a1=Q 57.Ra8+ Kb2 58.Rxa1 Kxa1 1-0

[Event "Soviet zonal (w)"]
[Site "Leningrad URS"]
[Date "1981.12.??"]
[Round "?"]
[White "Minogina, Tamara"]
[Black "Khugashvili, Tamara"]
[Result "1/2-1/2"]
[WhiteElo "2130"]
[BlackElo "2075"]
[EventDate "1981.12.04"]
[PlyCount "121"]

1.d4 e6 2.Nf3 f5 3.g3 Nf6 4.Bg2 g6 5.O-O Bg7 6.b3 O-O 7.Bb2 a5 8.c4 Ne4 9.
Nbd2 c5 10.e3 d5 11.Ne5 Nd7 12.Ndf3 Ndf6 13.Nd3 b6 14.Nfe5 Nd7 15.f3 Nef6 
16.dxc5 Nxc5 17.Nxc5 bxc5 18.Qe2 Ba6 19.Rfd1 Qc7 20.Rac1 Rfd8 21.Qe1 a4 
22.cxd5 Nxd5 23.f4 axb3 24.axb3 Qb6 25.Bxd5 exd5 26.Ba3 Rac8 27.b4 c4 28.
Bb2 Rb8 29.Bd4 Qe6 30.Ra1 Bf8 31.Rdb1 Rb5 32.Qd2 Rdb8 33.Ra4 Bc8 34.Rb2 
Qe8 35.Bc3 Bg7 36.Ra7 Bb7 37.Rba2 Rd8 38.Bd4 Bxe5 39.fxe5 Qe7 40.R2a4 Qe6 
41.Qc3 g5 42.R4a5 Qc6 43.Rxb5 Qxb5 44.Ra5 Qe8 45.Qc2 Qe6 46.b5 Rd7 47.Ra1 
Rf7 48.Rf1 h6 49.Qd2 Kh7 50.Qb4 Kg6 51.Qa5 Kh5 52.Qd8 Kg6 53.Qg8+ Kh5 54.
h3 Bc8 55.g4+ Kh4 56.Kh2 fxg4 57.Qxf7 g3+ 58.Kg1 Qxh3 59.Rf4+ gxf4 60.
Qxf4+ Kh5 61.Qf7+ 1/2-1/2